| 000 | 01073nas a22002657a 4500 | ||
|---|---|---|---|
| 999 |
_c6562 _d6562 |
||
| 003 | OSt | ||
| 005 | 20181023120735.0 | ||
| 008 | 130703s1989 sp a|||| |||| 00| 0 cat d | ||
| 022 | _a1130-183X | ||
| 040 |
_cCDMR _bcat |
||
| 245 | 0 | 0 |
_aPeriodística _b: revista acadèmica |
| 260 |
_aBarcelona _bSocietat Catalana de Comunicació, IEC |
||
| 260 |
_bUniversitat Pompeu Fabra. Departament de Periodisme i de Comunicació Audiovisual _c1989- |
||
| 310 | _aAnual | ||
| 362 | _aNúm. 1 (1989) - | ||
| 500 | _aNo es va publicar cap número durant l'any 2009. | ||
| 650 | 0 | 4 |
_93127 _aTelevisió _zCatalunya _vRevistes |
| 650 | 0 | 4 |
_93172 _aPeriodisme _zCatalunya _vRevistes |
| 650 | 0 | 4 |
_93105 _aRadiodifusió _zCatalunya _vRevistes |
| 650 | 0 | 4 |
_94334 _aMitjans de comunicació de massa _xHistòria _zCatalunya |
| 710 | 2 |
_994 _aSocietat Catalana de Comunicació |
|
| 710 | 2 |
_9619 _aUniversitat Pompeu Fabra _b -- Departament de Periodisme i de Comunicació Audiovisual |
|
| 856 | 4 | 0 |
_uhttp://www.raco.cat/index.php/Periodistica/index _yDisponible en línia (RACO) |
| 856 | 4 | 0 |
_uhttps://dialnet.unirioja.es/servlet/revista?codigo=17342 _yDisponible en línia a Dialnet |
| 942 |
_2udc _cSER _s1 |
||